00370nam a2200145Ia 450000500170000000800410001702000150005808200130007310000200008624500450010626000390015130000120019065000110020265000110021320250529031001.0240331s9999 xx 000 0 und d a9555533830 bMANa305 aManurathne, M.G 0aSthree purusha samajabhavaya saha pawula aVarakapolabAryan Publishersc2004 a274 p., aGender aFamily